| 000 | 01625cam a22003974i 4500 | ||
|---|---|---|---|
| 999 |
_c64640 _d64640 |
||
| 001 | 13802313 | ||
| 003 | CO-MdFUSB | ||
| 005 | 20181019112947.0 | ||
| 008 | 041130t2005 miua g b 001 0 eng | ||
| 010 | _a 2004028522 | ||
| 020 | _a1587431106 | ||
| 040 |
_aDLC _cCO-MdFUSB _dCO-MdFUSB _bspa _erda |
||
| 041 | _aeng | ||
| 042 | _apcc | ||
| 082 | 0 | 0 |
_222 _aG 233.5 _bM628l |
| 100 | 1 |
_aMiddleton, J. Richard, _d1955- _eautor |
|
| 245 | 1 | 4 |
_aThe liberating image _b: The Imago Dei in Genesis 1 _c/ J. Richard Middleton. |
| 246 | 3 | 0 | _aImago Dei in Genesis 1 |
| 260 |
_bBrazos Press, _cc2005. |
||
| 264 | 1 |
_aGrand Rapids, MI : _bBrazos Press, _c℗2005 |
|
| 264 | 4 | _c©2005 | |
| 300 |
_a304 páginas : _bilustraciones ; _c23 cm. |
||
| 336 |
_2rdacontent _atexto _btxt |
||
| 337 |
_2rdamedia _asin mediación _bn |
||
| 338 |
_2rdacarrier _avolumen _bnc |
||
| 501 | _aIncluye índice (páginas 299- 304) | ||
| 505 | 0 | _aEl desafío de interpretar el Imago Dei -- El Imago Dei en el mundo simbólico de Génesis 1 -- Un antiguo fondo del Próximo Oriente para el Imago Dei -- La matriz de la ideología mesopotámica -- Génesis 1-11 como crítica ideológica -- ¿Creado en la imagen de un dios violento? -- Imaginando la generosidad de Dios. | |
| 630 | 0 | 7 |
_aBiblia. _pGénesis |
| 653 | _aImagen de Dios | ||
| 653 | _aLa naturaleza humana | ||
| 906 |
_a7 _bcbc _corignew _d1 _eecip _f20 _gy-gencatlg |
||
| 942 | _cBK | ||